| 000 | 00865cam a2200277 a 4500 | ||
|---|---|---|---|
| 001 | 000003515 | ||
| 005 | 20200929150452.0 | ||
| 008 | 950210s1995 ag 000 f spa d | ||
| 020 | _a9500815095 | ||
| 082 |
_a813.54 _bL945a |
||
| 100 | 1 |
_aLudlum, Robert, _d1927-2001. _910566 |
|
| 240 | 1 | 0 |
_aThe apocalypse watch. _lEspañol |
| 245 | 1 | 4 |
_aApocalypsis / _cRobert Ludlum ; traducción de Aníbal Leal. |
| 260 |
_aBuenos Aires : _bAtlántida, _c1995. |
||
| 300 |
_a575 p. ; _c23 cm. |
||
| 534 |
_aTítulo original: _tThe apocalypse watch |
||
| 650 | 4 |
_aNovela estadounidense _9262 |
|
| 650 | 4 |
_aLiteratura estadounidense _9263 |
|
| 650 | 4 |
_aServicio de inteligencia _zEstados Unidos _92899 |
|
| 650 | 4 |
_aFascismo _zEuropa _910898 |
|
| 650 | 4 |
_aConspiraciones _910899 |
|
| 910 | _aCatalogación por copia | ||
| 910 | _aWM | ||
| 049 | _aBNGR | ||
| 999 |
_c3341 _d3341 |
||
| 040 | _aDO-SdBNP | ||